000 01779nam0a2200337 4500
001 RU\NLR\BIBL_A\012319551
005 20200916092454.0
010 _a978-5-9571-2865-6
_9100
021 _aRU
_bКН-П-20-020034
_9КН-П-20-1567
035 _a(NLR Aleph) 012319551
035 _a(RuMoRGB)010319132
090 _a11414311
_c11414311
100 _a20200824d2020 u y0rusy50 ca
101 0 _arus
102 _aRU
105 _a |||zzzz000zy
181 0 _ai
_baxxe
182 0 _an
200 1 _aРасчет параметров деформирования и разрушений в инженерно-геодинамических процессах
_eучебное пособие
_fВ. Н. Тюпин
_gМинобрнауки России, Федеральное государственное автономное образовательное учреждение высшего образования "Белгородский государственный национальный исследовательский университет"
203 _aТекст
_bвизуальный
_cнепосредственный
210 _aБелгород
_cБелГУ
_d2020
215 _a115 с.
_cил., табл.
_d21
320 _aБиблиогр.: с. 115 (15 назв.)
606 1 _aГеодинамические процессы
_xИнженерно-геологические исследования
_jУчебные издания для высших учебных заведений
_2nlr_sh1
_2nlr_sh2
_3RU\NLR\AUTH\66331352
686 1 _aД492я73
700 1 _aТюпин
_bВ. Н.
_gВладимир Николаевич
942 _cBOOK
980 _aNBR
980 _aNB